000 00291nam a2200097Ia 4500
005 20250424112834.0
008 250424s9999 xx 000 0 und d
300 _a116 p. :ill. ; 28 cm.
650 _aSocial sciences--Nigeria--Periodicals. Nigeria--Social conditions--Periodicals.
942 _cSR
999 _c37435
_d37435